Top 30 : Khalid - Statistiques

Statistiques générales
  • Ce quiz a été pris 3 fois
  • Le résultat moyen est 16 sur 30
Statistiques - réponses
Top Titres Featuring % Correct
1 lovely Billie Eilish
100%
14 OTW 6LACK, Ty Dolla $ign
100%
9 Talk Disclosure
100%
8 1-800-273-8255 Logic, Alessia Cara
67%
7 Beautiful People Ed Sheeran
67%
5 Better
67%
2 Eastside benny blanco, Halsey
67%
6 Location
67%
10 Love Lies Normani
67%
15 Ocean Martin Garrix
67%
11 Saturday Nights
67%
12 Saturday Nights - Remix Kane Brown
67%
18 Saved
67%
3 Silence Marshmello
67%
4 Young Dumb & Broke
67%
13 8TEEN
33%
25 American Teen
33%
29 Another Sad Love Song
33%
28 As I Am Justin Bieber
33%
19 Be Like That Kane Brown, Swae Lee
33%
16 Coaster
33%
21 Electric Alina Baraz
33%
24 Homemade Dynamite - REMIX Lorde, Post Malone, SZA
33%
20 Know Your Worth Disclosure
33%
17 Numb Marshmello
33%
27 Outta My Head John Mayer
33%
22 Rollin Calvin Harris, Future, Funk Wav
33%
26 Suncity Empress Of
33%
30 Up All Night
33%
23 Youth - Acoustic Shawn Mendes
33%
Aucun quiz correspondant
Distribution des résultats
% des personnes avec chaque résultat
Percentile par nombre de réponses
Votre historique - résultats
Vous n’avez pas pris ce quiz